| 000 | 00779cam a22002653a 4500 | ||
|---|---|---|---|
| 001 | 24410 | ||
| 003 | PGUSA | ||
| 005 | 20140828083524.0 | ||
| 008 | 080123s2008||||xxu|||||s|||||000 1 eng d | ||
| 040 |
_aPGUSA _beng |
||
| 042 | _adc | ||
| 050 | 4 | _aPZ | |
| 100 | 1 |
_aPaine, Albert Bigelow, _d1861-1937 |
|
| 245 | 1 | 0 |
_aHollow Tree Nights and Days _h[electronic resource] / _cAlbert Bigelow Paine |
| 260 |
_bProject Gutenberg, _c2008 |
||
| 506 | _aPublic domain in the USA. | ||
| 516 | _aElectronic text | ||
| 653 | _aImaginary places -- Juvenile fiction | ||
| 653 | _aTrees -- Juvenile fiction | ||
| 653 | _aAnimals -- Juvenile fiction | ||
| 700 | 1 | _aCondé, J. M. | |
| 830 | 0 |
_aProject Gutenberg _v24410 |
|
| 856 | 4 | 0 | _uhttp://www.gutenberg.org/ebooks/24410 |
| 942 | _cEB | ||
| 999 |
_c253665 _d253665 |
||